000 00330pam a2200157a 44500
008 230515b1933 xxu||||| |||| 00| 0 eng d
020 _aNULL
041 _aSANSKRIT
082 _a1
100 _aYADAV
245 _aCARAK SAMHITA
250 _a3
260 _aSANGAI
_bN.D.
_c1933
300 _a100
650 _aCARAK SAMHITA
999 _c496933
_d496933